[Event "LSS No Engine Cup 102 Preliminary 6"]
[Site "LSS email"]
[Date "2014.01.21"]
[Round "?"]
[White "Iula, Massimo"]
[Black "Kalinin, Vyacheslav"]
[Result "0-1"]
[WhiteElo "1600"]
[BlackElo "1614"]
[PlyCount "20"]
[EventDate "2014.01.22"]
[EventType "tourn (corr)"]
[EventRounds "6"]
[EventCountry "GER"]
[SourceTitle "Corr 2022"]
[Source "ChessBase"]
[SourceDate "2021.10.24"]
[SourceVersion "1"]
[SourceVersionDate "2021.10.24"]
[SourceQuality "1"]

1. e4 c6 2. Ne2 d5 3. e5 Bf5 4. Ng3 Bg6 5. h4 h6 6. h5 Bh7 7. e6 fxe6 8. d4 Qa5+ 9. Nc3 Na6 10. Bd3 Bxd3 0-1

[Event "LSS No Engine Cup 100 Preliminary 4"]
[Site "LSS email"]
[Date "2013.12.13"]
[Round "?"]
[White "Iula, Massimo"]
[Black "Verich, Oleg"]
[Result "0-1"]
[WhiteElo "1440"]
[BlackElo "1067"]
[PlyCount "46"]
[EventDate "2013.12.14"]
[EventType "tourn (corr)"]
[EventRounds "6"]
[EventCountry "GER"]
[SourceTitle "Telechess CBM 167"]
[Source "ChessBase"]
[SourceDate "2015.07.13"]
[SourceVersion "1"]
[SourceVersionDate "2015.07.13"]
[SourceQuality "1"]

1. e4 d5 2. exd5 Qxd5 3. Nc3 Qd6 4. d4 c6 5. Bc4 Bf5 6. d5 Nf6 7. Nge2 cxd5 8. Nxd5 Nxd5 9. Bxd5 Nc6 10. 0-0 e6 11. Bb3 Qxd1 12. Rxd1 Bc5 13. Bf4 Ke7 14. h3 Rad8 15. c3 a6 16. Ng3 Bg6 17. Re1 h6 18. Ne4 Bxe4 19. Rxe4 g5 20. Be5 Nxe5 21. Rxe5 b6 22. Re2 Rd6 23. Rd1 Rhd8 0-1

[Event "LSS No Engine Cup 100 Preliminary 4"]
[Site "LSS email"]
[Date "2013.12.13"]
[Round "?"]
[White "Vio, Mauro"]
[Black "Iula, Massimo"]
[Result "1/2-1/2"]
[WhiteElo "1386"]
[BlackElo "1440"]
[PlyCount "68"]
[EventDate "2013.12.14"]
[EventType "tourn (corr)"]
[EventRounds "6"]
[EventCountry "GER"]
[SourceTitle "Telechess CBM 167"]
[Source "ChessBase"]
[SourceDate "2015.07.13"]
[SourceVersion "1"]
[SourceVersionDate "2015.07.13"]
[SourceQuality "1"]

1. c4 c6 2. e4 d5 3. cxd5 cxd5 4. exd5 Nf6 5. Qa4+ Nbd7 6. Bc4 g6 7. Nc3 Bg7 8. Nge2 0-0 9. 0-0 Nb6 10. Qb3 Nxc4 11. Qxc4 b6 12. Nd4 Bb7 13. Nc6 Bxc6 14. dxc6 Qc7 15. d4 e6 16. Nb5 Qe7 17. Bg5 a6 18. Nc3 Qd6 19. Bxf6 b5 20. Ne4 bxc4 21. Nxd6 Bxf6 22. Rac1 Rfd8 23. Nxc4 Rac8 24. Nb6 Rc7 25. Nd7 Bxd4 26. b3 Rdc8 27. Rc4 Bb2 28. Nb6 Rd8 29. Rc2 Ba3 30. Nc4 Bb4 31. Ne3 Rdc8 32. a3 Bf8 33. Rfc1 a5 34. b4 axb4 1/2-1/2

[Event "CP-2013-P-00064"]
[Site "LSS email"]
[Date "2013.09.30"]
[Round "?"]
[White "Iula, Massimo"]
[Black "Fernandez, Javier Horacio"]
[Result "0-1"]
[WhiteElo "1440"]
[BlackElo "2179"]
[PlyCount "44"]
[EventDate "2013.10.01"]
[EventType "tourn (corr)"]
[EventRounds "6"]
[EventCountry "GER"]
[SourceTitle "Corr 2015"]
[Source "ChessBase"]
[SourceDate "2015.07.17"]
[SourceVersion "1"]
[SourceVersionDate "2015.07.17"]
[SourceQuality "1"]

1. e4 c6 2. d4 d5 3. e5 c5 4. Nf3 Bg4 5. dxc5 Nc6 6. c3 Bxf3 7. Qxf3 e6 8. Be3 Nge7 9. Bb5 a6 10. Ba4 Nf5 11. 0-0 Be7 12. Nd2 0-0 13. Bxc6 bxc6 14. Bd4 Qb8 15. b3 a5 16. Qd3 Qa7 17. g4 Nh6 18. h3 Bxc5 19. Nf3 Bb6 20. c4 Kh8 21. cxd5 cxd5 22. Ng5 g6 0-1

[Event "SD-2013-0-00173"]
[Site "LSS email"]
[Date "2013.08.21"]
[Round "?"]
[White "Iula, Massimo"]
[Black "Laffont, Jose Eduardo Alfred"]
[Result "1-0"]
[WhiteElo "1662"]
[BlackElo "1567"]
[PlyCount "83"]
[EventDate "2013.07.16"]
[EventType "tourn (corr)"]
[EventRounds "6"]
[EventCountry "GER"]
[SourceTitle "Corr 2022"]
[Source "ChessBase"]
[SourceDate "2021.10.24"]
[SourceVersion "1"]
[SourceVersionDate "2021.10.24"]
[SourceQuality "1"]

1. e4 c5 2. c3 d5 3. exd5 Qxd5 4. d4 cxd4 5. cxd4 Nc6 6. Nf3 e5 7. Nc3 Bb4 8. Bd2 Bxc3 9. Bxc3 e4 10. Ne5 Nxe5 11. dxe5 Ne7 12. g3 0-0 13. Bg2 Qxd1+ 14. Rxd1 Bf5 15. 0-0 Nc6 16. Rfe1 Rfd8 17. Rc1 Rac8 18. Bxe4 Bxe4 19. Rxe4 Rd3 20. Kf1 Rd5 21. Rce1 Re8 22. a3 Kf8 23. g4 Ke7 24. Kg2 Kd7 25. f4 a5 26. a4 Ke7 27. f5 g6 28. e6 gxf5 29. exf7+ fxe4 30. fxe8Q+ Kxe8 31. Rxe4+ Kf7 32. Rf4+ Ke8 33. h4 b5 34. axb5 Rxb5 35. Rf6 Nb4 36. Rh6 Rb7 37. g5 Kf8 38. g6 Kg8 39. Rxh7 Rxh7 40. gxh7+ Kxh7 41. Bxb4 axb4 42. b3 1-0

[Event "SD-2013-0-00173"]
[Site "LSS email"]
[Date "2013.08.18"]
[Round "?"]
[White "Iula, Massimo"]
[Black "Winkler, Matthias"]
[Result "1-0"]
[WhiteElo "1662"]
[BlackElo "1383"]
[PlyCount "67"]
[EventDate "2013.07.16"]
[EventType "tourn (corr)"]
[EventRounds "6"]
[EventCountry "GER"]
[SourceTitle "Corr 2022"]
[Source "ChessBase"]
[SourceDate "2021.10.24"]
[SourceVersion "1"]
[SourceVersionDate "2021.10.24"]
[SourceQuality "1"]

1. e4 e5 2. Nf3 Nc6 3. Bc4 Nf6 4. d3 Bc5 5. c3 0-0 6. 0-0 d6 7. Nbd2 a5 8. h3 h6 9. Re1 Qe7 10. Nf1 Re8 11. d4 exd4 12. cxd4 Bb6 13. Ng3 Qd8 14. e5 dxe5 15. Qb3 Be6 16. Bxe6 Rxe6 17. dxe5 Nd7 18. Be3 Ncxe5 19. Nd4 Bxd4 20. Bxd4 Qe8 21. Kf1 c5 22. Bc3 b6 23. Nf5 a4 24. Qc2 Nf8 25. Rad1 f6 26. Bxe5 fxe5 27. Kg1 Ng6 28. Qc4 Qf7 29. Nd6 Qf6 30. g3 Kh7 31. Ne4 Qf5 32. g4 Qf3 33. Rd3 Qf7 34. Rd6 1-0

[Event "BI-2013-P-00023"]
[Site "LSS email"]
[Date "2013.04.22"]
[Round "?"]
[White "Iula, Massimo"]
[Black "De Ridder, Michael"]
[Result "1-0"]
[WhiteElo "1441"]
[BlackElo "1726"]
[PlyCount "61"]
[EventDate "2013.04.25"]
[EventType "tourn (corr)"]
[EventRounds "10"]
[EventCountry "GER"]
[SourceTitle "Telechess CBM 167"]
[Source "ChessBase"]
[SourceDate "2015.07.13"]
[SourceVersion "1"]
[SourceVersionDate "2015.07.13"]
[SourceQuality "1"]

1. d4 e6 2. c4 Nf6 3. Nc3 Bb4 4. e3 0-0 5. Bd3 d5 6. Nf3 dxc4 7. Bxc4 c5 8. 0-0 Nbd7 9. Qe2 Qe7 10. a3 Ba5 11. Bd2 b6 12. e4 Bb7 13. e5 Ng4 14. Bg5 f6 15. exf6 Ndxf6 16. Ne5 cxd4 17. Nxg4 dxc3 18. b4 Kh8 19. bxa5 Qc5 20. Be3 Qxa5 21. Rfd1 e5 22. Rac1 b5 23. Nxf6 bxc4 24. Nd7 Rfe8 25. Qxc4 Qxa3 26. Rxc3 Ba6 27. Rxa3 Bxc4 28. Ra5 e4 29. Rda1 Rad8 30. Nc5 a6 31. Nxa6 1-0

[Event "OP-2013-0-02626"]
[Site "LSS email"]
[Date "2013.02.05"]
[Round "?"]
[White "Vontina, Maria"]
[Black "Iula, Massimo"]
[Result "0-1"]
[WhiteElo "684"]
[BlackElo "1368"]
[PlyCount "54"]
[EventDate "2013.02.01"]
[EventType "tourn (corr)"]
[EventRounds "4"]
[EventCountry "GER"]
[SourceTitle "Telechess CBM 159"]
[Source "ChessBase"]
[SourceDate "2014.03.17"]
[SourceVersion "1"]
[SourceVersionDate "2014.03.17"]
[SourceQuality "1"]

1. e4 c6 2. d4 d5 3. exd5 cxd5 4. c4 Nf6 5. Nc3 Nc6 6. Be3 g6 7. Nf3 Bg7 8. Be2 Be6 9. cxd5 Nxd5 10. 0-0 0-0 11. a3 Na5 12. Nxd5 Bxd5 13. Qa4 Rb8 14. Qd1 Nb3 15. Rb1 Qb6 16. Qd3 Rbc8 17. Bd1 Bc4 18. Qc3 Bxf1 19. Qxb3 Qxb3 20. Bxb3 Bc4 21. Bd1 Bd5 22. Ba4 Bxf3 23. gxf3 Rfd8 24. Kf1 Bxd4 25. Ke2 Bxe3 26. fxe3 Rc4 27. Bd1 Rh4 0-1